Leadership : (Record no. 64937)

MARC details
000 -LEADER
fixed length control field 00741nam a22001817a 4500
005 - DATE AND TIME OF LATEST TRANSACTION
control field 20120413104513.0
020 ## - INTERNATIONAL STANDARD BOOK NUMBER
International Standard Book Number 0070606315
Terms of availability 00.00
035 ## - SYSTEM CONTROL NUMBER
System control number B-189967
037 ## - SOURCE OF ACQUISITION
Stock number DPL
Source of stock number/acquisition ENG
100 ## - MAIN ENTRY--PERSONAL NAME
Personal name Hughes, Richard L.
245 ## - TITLE STATEMENT
Title Leadership :
Remainder of title Enhancing the lessons of experience /
Statement of responsibility, etc by Richard L. Hughes, Robert C. Ginnett and Gordon J. Curphy
260 ## - PUBLICATION, DISTRIBUTION, ETC. (IMPRINT)
Place of publication, distribution, etc New Delhi
Name of publisher, distributor, etc Tata McGraw-Hill Publishing
Date of publication, distribution, etc 2006
300 ## - PHYSICAL DESCRIPTION
Extent xvi, 592p.
Dimensions 24 cms.
700 ## - ADDED ENTRY--PERSONAL NAME
Personal name Ginnett, Robert C.
9 (RLIN) 45023
700 ## - ADDED ENTRY--PERSONAL NAME
Personal name Curphy, Gordon J.
9 (RLIN) 45024
942 ## - ADDED ENTRY ELEMENTS (KOHA)
Source of classification or shelving scheme Dewey Decimal Classification
Item type English Books
Classification part 303.34
Call number suffix HUG
Holdings
Withdrawn status Lost status Not for loan Collection code Home library Current library Date acquired Cost, normal purchase price Full call number Barcode Cost, replacement price Koha item type
      Non-fiction Sarojini Nagar Sarojini Nagar 13/04/2012 0.00 303.34 HUG B-189967 0.00 English Books

© Delhi Public Library
Hit Counter
free hit counter